Football - Tous les portugais passés par le PSG - Statistiques

Statistiques générales
  • Ce quiz a été pris 207 fois
  • Le résultat moyen est 6 sur 17
Statistiques - réponses
Année d'arrivée au club Joueur % Correct
2022 Vitinha
99%
2024 João Neves
96%
2021 Nuno Mendes
94%
2003 Pedro Miguel Pauleta
88%
2023 Gonçalo Ramos
87%
2020 Danilo Pereira
64%
2022 Renato Sanches
50%
2017 Gonçalo Guedes
42%
2001 Hugo Leal
10%
1979 João Alves
4%
2001 Agostinho
3%
1975 Humberto Coelho
2%
1970 Fernando Cruz
1%
2002 Filipe Teixeira
1%
1996 Kenedy
1%
1999 Hélder Baptista
0%
2004 Hélder Cristóvão
0%
Aucun quiz correspondant
Distribution des résultats
% des personnes avec chaque résultat
Percentile par nombre de réponses
Votre historique - résultats
Vous n’avez pas pris ce quiz